000 00550nam a22002051a 4500
001 7459
003 OSt
005 20260204212131.0
008 071120s2002||||sp ||||||b||||||||||spa||
020 _a8471123630
050 _a372.41 C123e
100 _aCatrney, Trevor H.
245 _aEnseñanza de la comprensión lectora / Trevor H. Catrney
250 _a4
264 _aEspaña : Morata
300 _a151 p
500 _aIncluye indice y bibliografía
650 _aLectura - Comprensión 2.Lectura - Educación PrimariaÌ
942 _2ddc
_cBK
999 _c7459
_d7459